El Salvador: la ofensiva popular

Bewaard in:
Bibliografische gegevens
Formaat: Texto
Onderwerpen:
Tags: Voeg label toe
Geen labels, Wees de eerste die dit record labelt!

MARC

LEADER 00000 a a2200000 04500
001 18072
003
040
245 |a El Salvador:   |b la ofensiva popular  
650 |a POLITICA  
650 |a MOVIMIENTOS SOCIALES  
650 |a MILITARISMO  
650 |a DEMOCRATIZACION  
650 |a ECONOMIA  
650 |a EL SALVADOR  
773 |g volumen 5, número 3; páginas 25-26  
999 |c 30279  |d 30279 
773 0 |0 42391  |9 3872  |a Agencia Latinoamericana de Información, ALAI  |d Quito, Ecuador: ALAI  |o 04497  |t ALAI:  |x 08275564 (Servicio mensual de información y documentación)